000 00701nam a2200289 a 4500
005 20140310183214.0
008 030421s19uu xx 00 eng d
050 _aRT 41
_b.N937 2005
245 _aNursing Practice in the Community /
_cAraceli S. Maglaya, editor.
260 _aMarikina City :
_bArgonauta Corporation,
_c2005.
300 _a450 p. ;
_c25 cm.
521 _aNUR
650 _a Nursing community.
942 _cBK
_2lcc
_kLOC
999 _c20217
_d20217